00459nam a2200157 a 45000010010000000030011000100080041000210350026000620820014000881000016001022450040001182500035001582600052001936500013002458560043002580000-8640ELIB.Books110520 1957  a(ELIB.Books)0000-8786 a231 bBar aBarth, Karl aThe Word of God and the Word of man aFirst Harper Torchbook Edition bNew York: Harper and Brothers Publishers c1957 aTheology nK.B.T.S LibraryuK.B.T.S Library ELIB.